KOHA-Header-6

Nuskhae Haye Wafa (Record no. 9470)

000 -LEADER
fixed length control field 00262nam a2200109Ia 4500
100 ## - MAIN ENTRY--AUTHOR NAME
Personal name Faiz Ahmed Faiz
245 #0 - TITLE STATEMENT
Title Nuskhae Haye Wafa
260 ## - PUBLICATION, DISTRIBUTION, ETC. (IMPRINT)
Place of publication New Jersey
Name of publisher Maktaba-i-Karwan
Year of publication 1974
300 ## - PHYSICAL DESCRIPTION
Number of Pages 390
942 ## - ADDED ENTRY ELEMENTS (KOHA)
Koha item type Books
Holdings
Withdrawn status Lost status Collection code Permanent Location Current Location Shelving location Date acquired Full call number Accession Number Koha item type
    Urdu Literature MAJU MAJU   2019-09-14 658.4 5237 Urdu Literature

Powered by Koha